| 000 | 00367nam a2200133Ia 4500 | ||
|---|---|---|---|
| 008 | 191014s9999 xx 000 0 und d | ||
| 020 | _a81-219-1757-3 | ||
| 082 |
_a530 _bVAS |
||
| 100 |
_aA.S. Vasudeva _923862 |
||
| 245 | 0 | _aModern Engineering Physics(For BE/B Tech/B Arch Students) | |
| 260 |
_aIndia _bS. Chand Technical _c2010 |
||
| 300 | _aXx,451 | ||
| 942 | _cBK | ||
| 999 |
_c531387 _d531387 |
||